Mariano Marcos State University

University Library System

The Cooptation of indigenous and recommended rice technologies among the Ilocanos (Record no. 9687)

MARC details
000 -LEADER
fixed length control field 00585nam a22001697a 4500
003 - CONTROL NUMBER IDENTIFIER
control field OSt
005 - DATE AND TIME OF LATEST TRANSACTION
control field 20171010095507.0
008 - FIXED-LENGTH DATA ELEMENTS--GENERAL INFORMATION
fixed length control field 120810t xxu||||| |||| 00| 0 eng d
040 ## - CATALOGING SOURCE
Original cataloging agency MMSU
Transcribing agency ULS
100 ## - MAIN ENTRY--PERSONAL NAME
Personal name Cardenas, Virginia R.
9 (RLIN) 11943
245 ## - TITLE STATEMENT
Title The Cooptation of indigenous and recommended rice technologies among the Ilocanos
Statement of responsibility, etc. Virginia R. Cardenas
260 ## - PUBLICATION, DISTRIBUTION, ETC.
Date of publication, distribution, etc. 1981
300 ## - PHYSICAL DESCRIPTION
Extent xix, 198 leaves
Dimensions 28 cm.
500 ## - GENERAL NOTE
General note Thesis (PhD.-Extension Education) -- University of the Philippines, Los Banos, Laguna
504 ## - BIBLIOGRAPHY, ETC. NOTE
Bibliography, etc. note Bibliography: leaves 193-198
942 ## - ADDED ENTRY ELEMENTS (KOHA)
Source of classification or shelving scheme
Koha item type Thesis/Dissertation
Holdings
Withdrawn status Lost status Source of classification or shelving scheme Damaged status Not for loan Home library Current library Date acquired Total Checkouts Barcode Date last seen Price effective from Koha item type Public note
          REF REF 08/10/2012   94-Gr 10/10/2017 10/10/2017 Thesis/Dissertation Library Use only

© 2023 Mariano Marcos State University. All Rights Reserved.

Powered by Koha